| 000 | 01377nam a2200361 i 4500 | ||
|---|---|---|---|
| 001 | 124334 | ||
| 003 | ES-MaACL | ||
| 005 | 20250823063104.0 | ||
| 007 | t| | ||
| 008 | 070530s1960 sp |||| | spa d | ||
| 017 |
_aM 8666-1960 _bOficina Depósito Legal Madrid |
||
| 080 | _a159.952 | ||
| 080 | _a159.923 | ||
| 080 | _a159.962 | ||
| 100 | 1 |
_aThomas de Saint-Laurent, Raymond de, _d1879-1949 _9110053 |
|
| 245 | 1 | 1 |
_a¡Si supieras querer! / _cSaint-Laurent ; [adaptado al español del original francés por Antonio Álvarez de Linera] |
| 250 | _a3ª ed. | ||
| 260 |
_aMadrid : _bStudium, _c1960 |
||
| 300 |
_a128 páginas ; _c18 cm |
||
| 490 | 1 |
_aColección "El joven cristiano" ; _v13 _9241981 |
|
| 490 | 1 |
_aBiblioteca de cultura psíquica _9219008 |
|
| 534 | _aTraducción de: Comment son attention: comment se conduire et se perfectionner par l'auto-suggestion: comment tremper son caractère | ||
| 650 | 7 |
_aCarácter _2embne _910773 |
|
| 650 | 7 |
_aAtención _2embne _910397 |
|
| 650 | 7 |
_aAutosugestión _2embne _9241982 |
|
| 700 | 1 |
_aÁlvarez de Linera, Antonio, _d1888-1961 _etrl _9149717 |
|
| 830 | 0 |
_aColección "El joven cristiano" ; _v13 _9241981 |
|
| 830 | 0 |
_aBiblioteca de cultura psíquica _9219008 |
|
| 852 | 4 |
_aES-MaACL _cSPP2 _jF-14071 |
|
| 942 |
_2udc _cMONOGRAFIA _n0 |
||
| 999 |
_c124334 _d124334 |
||